| 000 | 00512nam a2200169 a 4500 | ||
|---|---|---|---|
| 001 | 000044119 | ||
| 005 | 20201002045147.0 | ||
| 008 | 140516s1998 sp 000 0 spa d | ||
| 020 | _a8432124591 | ||
| 040 |
_aDO-SdBNP _bspa _cBNPHU |
||
| 100 | 1 |
_aGranada, Luis de _c(fray) _939983 |
|
| 245 | 1 | 0 |
_aDel Nacimiento de Nuestro Salvador / _cFray Luis de Granada. |
| 260 |
_aMadrid : _bEdiciones Rialp, _c1998. |
||
| 300 |
_a56 p. ; _c22 cm. |
||
| 490 | 1 |
_aFacsĂmiles Rialp _v14 |
|
| 830 | 0 |
_aFacsĂmiles Rialp _v14 _972120 |
|
| 999 |
_c43608 _d43608 |
||